000 00865nam a22002537i 4500
005 20260108124302.0
008 250906s2026 jo ||||gr|||| 00| 0 ara d
020 _a9789923283677
040 _aJO-AmGAM
_erda
082 1 4 _a004.21
_bح ج ي
100 1 _aحجير، جمال صبحي
_eمؤلف.
245 1 0 _aهندسة النظم /
_cتأليف الدكتور جمال صبحي حجير.
246 1 0 _aSystems Engineering.
250 _aالطبعة الأولى.
264 3 1 _aعمان :
_bدار صفاء للطباعة والنشر والتوزيع،
_c2026.
300 _a592 صفحة.
336 _2rdacontent
_aنص
_btxt
337 _2rdamedia
_aدون وسيط عرض
_bn
338 _2rdacarrier
_aمجلد
_bnc
650 1 7 _aهندسة النظم.
650 1 7 _aادارة المشاريع.
942 _2ddc
_cBK
999 _c247517
_d247517